Siirry sisältöön

Управление персоналом и интеллектуальными ресурсами в России, 2025, № 1 (76) Журнал

Tallennettuna:
Bibliografiset tiedot
Aineistotyyppi: Журнал
Painos:1
Linkit:https://znanium.ru/catalog/document?id=463103
https://znanium.ru/cover/2174/2174183.jpg
Tagit: Lisää tagi
Ei tageja, Lisää ensimmäinen tagi!
LEADER 01447nam0a2200349 i 4500
001 RU\infra-m\znanium\bibl\2174183
003 https://znanium.ru/catalog/document?id=463103
005 20250411000000.0
100 |a 20250411d2025 m y0rusy0150 ca 
101 0 |a rus 
102 |a RU 
200 1 |a Управление персоналом и интеллектуальными ресурсами в России, 2025, № 1 (76)  |e Журнал 
205 |a 1 
210 1 |a Москва  |c ООО "Научно-издательский центр ИНФРА-М"  |d 2025 
215 |a 97 с. 
606 |a Управление (менеджмент)  |x Основы управления персоналом  |2 local 
608 |a Журнал  |2 local 
675 |a 650  |z rus 
686 |a 6505  |2 rubbk 
686 |a 38.03.01  |2 okso 
686 |a 38.03.02  |2 okso 
686 |a 38.03.03  |2 okso 
686 |a 38.03.04  |2 okso 
686 |a 38.04.01  |2 okso 
686 |a 38.04.02  |2 okso 
686 |a 38.04.03  |2 okso 
686 |a 38.04.04  |2 okso 
686 |a 40.03.01  |2 okso 
686 |a 40.04.01  |2 okso 
801 0 |a RU  |b Общество с ограниченной ответственностью «ЗНАНИУМ»  |c 20240921  |2 rusmarc 
856 4 |a znanium.ru  |m ebs_support@infra-m.ru  |n НИЦ ИНФРА-М  |u https://znanium.ru/catalog/document?id=463103 
856 4 1 |a znanium.ru  |d /cover/2174  |f 2174183.jpg  |q image/jpeg  |u https://znanium.ru/cover/2174/2174183.jpg